Text book of surveying (Record no. 9715)

000 -LEADER
fixed length control field 00462nam a2200193 4500
001 - CONTROL NUMBER
control field 9715
003 - CONTROL NUMBER IDENTIFIER
control field BD-DhUET
008 - FIXED-LENGTH DATA ELEMENTS--GENERAL INFORMATION
fixed length control field 150201b xxu||||| |||| 00| 0 eng d
040 ## - CATALOGING SOURCE
Original cataloging agency DLC
Transcribing agency DLC
Modifying agency BD-DhUET
082 ## - DEWEY DECIMAL CLASSIFICATION NUMBER
Classification number 526.9
Item number SHA/1982
100 ## - MAIN ENTRY--PERSONAL NAME
Personal name Shajahan, M.
245 ## - TITLE STATEMENT
Title Text book of surveying
250 ## - EDITION STATEMENT
Edition statement 1st ed.
260 ## - PUBLICATION, DISTRIBUTION, ETC. (IMPRINT)
Place of publication, distribution, etc. Dacca
Name of publisher, distributor, etc. Kazi Mahfuzur Rahman
Date of publication, distribution, etc. 1982
300 ## - PHYSICAL DESCRIPTION
Extent x, 367p.
Other physical details ill.
650 #0 - SUBJECT ADDED ENTRY--TOPICAL TERM
Topical term or geographic name as entry element Surveying
700 ## - ADDED ENTRY--PERSONAL NAME
Personal name Aziz, M. A.
942 ## - ADDED ENTRY ELEMENTS (KOHA)
Koha item type General Book
Holdings
Lost status Piece designation (barcode) Damaged status Not for loan Copy number Koha date last borrowed Koha item type Koha date last seen Withdrawn status Date acquired Location (home branch) Koha normalized classification for sorting Shelving location Price effective from Koha full call number Source of classification or shelving scheme Koha out on loan Sublocation or collection (holding branch) Koha issues (times borrowed)
 56198   12024-11-19General Book2025-12-02 2015-02-01Central Library, BUET526_900000000000000_SHA_1982Circulation section2015-02-01526.9/SHA/1982  Central Library, BUET7
 56200  22024-11-19General Book2024-11-19 2015-03-24Central Library, BUET526_900000000000000_SHA_1982Circulation section2015-03-24526.9/SHA/1982 2024-12-03Central Library, BUET8
 56191  3 Reading Item2015-06-08 2015-06-08Central Library, BUET526_900000000000000_SHA_1982Reading section2015-06-08526.9/SHA/1982  Central Library, BUET 
 56195  4 Reading Item2015-06-08 2015-06-08Central Library, BUET526_900000000000000_SHA_1982Reading section2015-06-08526.9/SHA/1982  Central Library, BUET 
 56192  5 Reading Item2015-06-09 2015-06-09Central Library, BUET526_900000000000000_SHA_1982Reading section2015-06-09526.9/SHA/1982  Central Library, BUET 
 56194  6 Reading Item2015-06-13 2015-06-13Central Library, BUET526_900000000000000_SHA_1982Reading section2015-06-13526.9/SHA/1982  Central Library, BUET